Statistics for Every World Leader

Click here to take the quiz!

General Stats

  • This quiz has been taken 24 times
  • The average score is 27 of 197

Answer Stats

HintAnswer% Correct
United StatesJoe Biden
100%
GermanyAngela Merkel
91%
United KingdomBoris Johnson
91%
FranceEmanuel Macron
91%
RussiaVladimir Putin
91%
CanadaJustin Trudeau
73%
North KoreaKim Jong-Un
68%
ChinaXi Jinping
64%
BrazilJair Bolsonaro
55%
IndiaNarendra Modi
50%
Vatican CityPope Francis
50%
TurkeyRecep Tayyip Erdoğan
50%
EgyptAbdel Fattah el-Sisi
41%
SyriaBashar al-Assad
41%
NetherlandsMark Rutte
41%
VenezuelaNicolás Maduro
41%
Saudi ArabiaSalman
41%
BelarusAlexander Lukashenko
36%
PakistanImran Khan
36%
New ZealandJacinda Ardern
36%
South KoreaMoon Jae-in
36%
HungaryViktor Orbán
36%
MexicoAndrés Manuel López Obrador
32%
IsraelNaftali Bennett
32%
AustraliaScott Morrison
32%
PolandAndrzej Duda
27%
CambodiaHun Sen
27%
IndonesiaJoko Widodo
27%
PalestineMahmoud Abbas
27%
ItalyMario Draghi
27%
MonacoAlbert II
23%
AfghanistanAshraf Ghani
23%
South AfricaCyril Ramaphosa
23%
NicaraguaDaniel Ortega
23%
AlbaniaEdi Rama
23%
LiberiaGeorge Weah
23%
MoroccoMohammed VI
18%
RwandaPaul Kagame
18%
SpainPedro Sánchez
18%
AustriaSebastian Kurz
18%
ChileSebastián Piñera
18%
SwedenStefan Löfven
18%
JordanAbdullah II
14%
EthiopiaAbiy Ahmed
14%
ArgentinaAlberto Fernández
14%
BelgiumAlexander De Croo
14%
BahrainHamad bin Isa Al Khalifa
14%
GuyanaIrfaan Ali
14%
HondurasJuan Orlando Hernández
14%
DenmarkMette Frederiksen
14%
NigeriaMuhammadu Buhari
14%
FinlandSanna Marin
14%
TaiwanTsai Ing-Wen
14%
KenyaUhuru Kenyatta
14%
LuxembourgXavier Bettel
14%
JapanYoshihide Suga
14%
AlgeriaAbdelmadjid Tebboune
9%
LiechtensteinAlois
9%
Czech RepublicAndrej Babiš
9%
PortugalAntonio Costa
9%
ZimbabweEmmerson Mnangagwa
9%
NorwayErna Solberg
9%
Sri LankaGotabaya Rajapaksa
9%
TurkmenistanGurbanguly Berdimuhamedow
9%
IranHassan Rouhani
9%
AzerbaijanIlham Aliyev
9%
Papua New GuineaJames Marape
9%
RomaniaKlaus Iohannis
9%
GreeceKyriakos Mitsotakis
9%
SingaporeLee Hsien Loong
9%
UruguayLuis Lacalle Pou
9%
ChadMahamat Déby
9%
IrelandMicheál Martin
9%
BotswanaMokgweetsi Masisi
9%
EswatiniMswati III
9%
GhanaNana Akufo-Addo
9%
El SalvadorNayib Bukele
9%
ArmeniaNikol Pashinyan
9%
CameroonPaul Biya
9%
TanzaniaSamia Suluhu Hassan
9%
BangladeshSheikh Hasina
9%
QatarTamim bin Hamad Al Thani
9%
St. Kitts & NevisTimothy Harris
9%
KosovoVjosa Osmani
9%
UgandaYoweri Museveni
9%
SudanAbdel Fattah al-Burhan
5%
YemenAbdrabbuh Mansur Hadi
5%
LibyaAbdul Hamid Dbeibeh
5%
GambiaAdama Barrow
5%
Ivory CoastAlassane Ouattara
5%
GuatemalaAlejandro Giamattei
5%
GabonAli Bongo Ondimba
5%
St. LuciaAllen Chastanet
5%
GuineaAlpha Condé
5%
SerbiaAna Brnabić
5%
CroatiaAndrej Plenković
5%
JamaicaAndrew Holness
5%
MadagascarAndry Rajoelina
5%
MaliAssimi Goita
5%
MoldovaAureliu Ciocoi
5%
ComorosAzali Assoumani
5%
VanuatuBob Loughman
5%
Costa RicaCarlos Alvarado Quesada
5%
SurinameChan Santokhi
5%
HaitiClaude Joseph
5%
Marshall IslandsDavid Kabua
5%
F.S. MicronesiaDavid W. Panuelo
5%
R. CongoDenis Sassou Nguesso
5%
UkraineDenys Shmyhal
5%
ZambiaEdgar Lungu
5%
SlovakiaEduard Heger
5%
TajikistanEmomali Rahmon
5%
BurundiÉvariste Ndayishimiye
5%
São Tomé and PríncipeEvaristo Carvalho
5%
TogoFaure Gnassingbé
5%
Central African RepublicFaustin-Archange Touadéra
5%
D.R. CongoFélix Tshisekedi
5%
MozambiqueFilipe Nyusi
5%
East TimorFrancisco Guterres
5%
PeruFrancisco Sagasti
5%
FijiFrank Bainimarama
5%
Antigua & BarbudaGaston Browne
5%
San MarinoGian Carlo Venturini
5%
LithuaniaGitanas Nauseda
5%
EcuadorGuillermo Lasso
5%
SwitzerlandGuy Parmelin
5%
NamibiaHage Geingob
5%
OmanHaitham bin Tarik
5%
BruneiHassanal Bokiah
5%
LebanonHassan Diab
5%
BahamasHubert Munnis
5%
MaldivesIbrahim Mohamed Solih
5%
GeorgiaIrakli Garibashvili
5%
EritreaIsaias Afwerki
5%
DjiboutiIsmaïl Omar Guelleh
5%
ColombiaIván Duque
5%
SloveniaJanez Janša
5%
AngolaJoão Lourenço
5%
Cape VerdeJorge Carlos Fonseca
5%
BelizeJuan Briceno
5%
Sierra LeoneJulius Maada Bio
5%
TunisiaKaïs Saïed
5%
EstoniaKaja Kallas
5%
IcelandKatrín Jakobsdóttir
5%
TuvaluKausea Natano
5%
GrenadaKeith Mitchell
5%
Trinidad & TobagoKeith Rowley
5%
United Arab EmiratesKhalifa bin Zayed Al Nahyan
5%
LatviaKrišjānis Kariņš
5%
PanamaLaurentino Cortizo
5%
MalawiLazarus Chakwera
5%
NauruLionel Aingimea
5%
BhutanLotay Tshering
5%
Dominican RepublicLuis Abinader
5%
BoliviaLuis Acre
5%
SenegalMacky Sall
5%
Solomon IslandsManasseh Sogavare
5%
ParaguayMario Abdo Benítez
5%
BarbadosMia Mottley
5%
CubaMiguel Díaz-Canel
5%
LesothoMoeketsi Majoro
5%
NigerMohamed Bazoum
5%
SomaliaMohamed Hussein Roble
5%
MauritaniaMohamed Ould Ghazouani
5%
MalaysiaMuhyiddin Yassin
5%
IraqMustafa Al-Kadhimi
5%
MyanmarMyint Swe
5%
KuwaitNawaf Al-Ahmad Al-Jaber Al-Sabah
5%
VietnamNguyễn Phú Trọng
5%
CyprusNicos Anastasiades
5%
BeninPatrice Talon
5%
TongaPōhiva Tuʻiʻonetoa
5%
MauritiusPravind Jugnauth
5%
KazakhstanQasym-Zhomart Toqaev
5%
St. Vincent & GrenadinesRalph Gonsalves
5%
MaltaRobert Abela
5%
Burkina FasoRoch Marc Christian Kaboré
5%
PhilippinesRodrigo Duterte
5%
DominicaRoosevelt Skerrit
5%
KyrgyzstanSadir Japorov
5%
South SudanSalva Kiir Mayardit
5%
UzbekistanShavkat Mirziyoyev
5%
NepalSher Bahadur Deuba
5%
BulgariaStefan Yanev
5%
PalauSurangel Whipps Jr.
5%
KiribatiTaneti Maamau
5%
Equatorial GuineaTeodoro Obiang Nguema Mbasogo
5%
LaosThongloun Sisolith
5%
SamoaTuila'epa Sa'ilele Malielegaoi
5%
MongoliaUkhnaagiin Khürelsükh
5%
Guinea-BissauUmaro Sissoco Embaló
5%
ThailandVajiralongkorn
5%
Bosnia & HerzegovinaValentin Inzko
5%
SeychellesWavel Ramkalawan
5%
AndorraXavier Espot Zamora
5%
MontenegroZdravko Krivokapić
5%
North MacedoniaZoran Zaev
5%

Score Distribution

Percentile by Number Answered

Percent of People with Each Score

Your Score History

You have not taken this quiz